Famous Football Players Picture Quiz - Portugal - Statistics

General Stats
  • This quiz has been taken 1,040 times
  • The average score is 10 of 15
Answer Stats
Picture Answer % Correct
Cristiano Ronaldo
100%
Luis Figo
94%
Pepe
93%
Eusébio
90%
Nani
90%
Deco
80%
Ricardo Quaresma
73%
Rui Costa
69%
João Moutinho
66%
Ricardo Carvalho
61%
Fábio Coentrão
57%
Bruno Alves
44%
Vitor Baía
25%
Paulo Sousa
22%
Hugo Almeida
21%
No matching quizzes found
Score Distribution
Percent of People with Each Score
Percentile by Number Answered
Your Score History
You have not taken this quiz